| 000 | 00646nam a22001937a 4500 | ||
|---|---|---|---|
| 005 | 20251108172746.0 | ||
| 008 | 250721s2001 xx 000 0 ara d | ||
| 082 | 1 | 4 | _a810/إسم |
| 100 | 1 |
_aإسماعيل، أبي منصور عبد الملك بن محمد _eمؤلف |
|
| 245 | 1 | 0 | _aترجمة الكاتب في آداب الصاحب المنسوب للثعالبي / |
| 264 | 1 |
_aعمان : _bوزارة الثقافة، _c2001. |
|
| 300 | _a450ص | ||
| 650 | 1 | 7 | _aالأدب العربي |
| 650 | 1 | 7 | _aالشعر العربي |
| 650 | 1 | 7 | _aالحكم (الأمثال) |
| 650 | 1 | 7 | _aالصداقة |
| 942 |
_2ddc _cBK |
||
| 999 |
_c87780 _d87780 |
||